Hướng dẫn cách sử dụng mẫu câu tiếng Anh
Trình bày kiến thức cơ bản về câu tiếng Anh, cách sử dugj mẫu câu tiếng Anh; đưa ra ví dụ minh họa cụ thể
Đã lưu trong:
| Tác giả chính: | |
|---|---|
| Định dạng: | Sách |
| Năm xuất bản: |
Tp. Hồ Chí Minh
NXB Trẻ
1993
|
| Phiên bản: | In lần thứ 2 |
| Chủ đề: | |
| Tags: |
Thêm thẻ
Không có thẻ, Hãy là người đầu tiên gắn thẻ bản ghi này!
|
| LEADER | 00779nam a2200193 4500 | ||
|---|---|---|---|
| 082 | |a 425 |b H400R | ||
| 100 | |a Hornby (A.S) | ||
| 245 | |a Hướng dẫn cách sử dụng mẫu câu tiếng Anh |c A.S. Hornby, Hoàng Minh Hùng dịch | ||
| 250 | |a In lần thứ 2 | ||
| 260 | |a Tp. Hồ Chí Minh |b NXB Trẻ |c 1993 | ||
| 300 | |c 19 cm |a 369 tr. | ||
| 520 | |a Trình bày kiến thức cơ bản về câu tiếng Anh, cách sử dugj mẫu câu tiếng Anh; đưa ra ví dụ minh họa cụ thể | ||
| 653 | |a Ngôn ngữ | ||
| 653 | |a Tiếng Anh | ||
| 653 | |a Ngữ pháp | ||
| 653 | |a Mẫu câu | ||
| 942 | |2 ddc |c SH | ||
| 999 | |c 5896 |d 5896 | ||
| 952 | |0 0 |1 0 |2 ddc |4 0 |6 425_000000000000000_H400R |7 0 |8 400 |9 54179 |a qbu |b qbu |c D4 |d 2014-12-30 |g 24000 |o 425 H400R |p 2311.C1 |r 0000-00-00 |w 2014-12-30 |y SH | ||